000 01394nam a2200253 i 4500
001 183438
003 ES-MaACL
005 20250918184526.0
008 140422s1890 it |||| | ita d
100 1 _aBrunialti, Attilio.
_932183
245 1 3 _aLa Libertà nello stato moderno
_b: prefazione /
_cA. Brunialti. La Libertà / Stuart Mill. La Libertà civile e l'Autogoverno / F. Lieber. I limiti della Libertà individuale / F. C. Montague. L'istituzione regia e la responsabilità ministeriale / C. Montalcini. Teoria giuridica delle guarentigie della libertà /V. E. Orlando.
260 _aTorino :
_bUnione Tipografico-Editrice,
_c1890.
300 _aCCXXXIX, 1187 p. ;
_c25 cm.
490 1 _aBiblioteca di scienze politiche: scelta collezione delle più importanti opere moderne italiane e straniere dei scienze politiche / diretta da Attilio Brunialti ;
_v5
650 0 4 _aLibertad.
_914400
700 1 _aMill, John Stuart,
_d1806-1873
_981119
700 1 _aLieber, Francis.
_9154758
700 1 _aMontague, Francis Charles.
_9130074
700 1 _aMontalcini, Camillo.
_9154759
700 0 _aOrlando, Vittorio Emanuelle.
_987283
830 0 _aBiblioteca di scienze politiche: scelta collezione delle più importanti opere moderne italiane e straniere dei scienze politiche / diretta da Attilio Brunialti ;
_v5
_9224981
852 _aES-MaACL
_jB-9318
999 _c183438
_d183438